00298pab a2200121 454500008004000000100002200040245005000062260000900112300001600121362000900137650001000146773002000156180718b2010 xxu||||| |||| 00| 0 eng d aSrivastava, Gouri aIndicators on gender equality and empowerment c2010 ap.9-23, 37. a1Mar aWomen aUniversity News